header

Formal models, languages and applications (Record no. 120113)

MARC details
000 -LEADER
fixed length control field 01462nam a2200361Ia 4500
245 00 - TITLE STATEMENT
Title Formal models, languages and applications
260 ## - PUBLICATION, DISTRIBUTION, ETC. (IMPRINT)
Place of publication Singapore ;
-- Hackensack, NJ. :
Name of publisher World Scientific,
Year of publication c2006.
300 ## - PHYSICAL DESCRIPTION
Number of Pages viii, 410 p. :
Other physical details ill.
490 1# - SERIES STATEMENT
Series statement Series in machine perception and artificial intelligence ;
650 #0 - SUBJECT ADDED ENTRY--TOPICAL TERM
Topical Term Compilers (Computer programs)
Topical Term Computational complexity.
Topical Term Formal languages.
700 1# - ADDED ENTRY--PERSONAL NAME
Personal name Mukund, Madhavan.
Personal name Rangarajan, K.
Personal name Subramanian, K. G.
856 40 - ELECTRONIC LOCATION AND ACCESS
Uniform Resource Identifier http://site.ebrary.com/lib/rucke/Doc?id=10201404

No items available.

© 2026 Rongo University
Contact us: librarian | system librarian | Rongo university